LEADER 00837nam a2200193 i 4500 001 000000224313 003 CaOOAMICUS 005 20131029000000.0 008 131029s1836 it u000 u lat u 013 $a203211 040 $aSeMil$bita 245 10$aTomus 53. 300 $a474 p. 773 0 $aGuillon, Marie Nicolas Sylvestre <1760-1847>$tCollectio selecta SS. Ecclesiae Patrum, complectens exquisitissima opera tum dogmatica et moralia, tum apologetica et oratoria; accurantibus D. Caillau ... una cum D.M.N.S. Guillon ..$dParisiis : Apud Méquignon-Havard, 1829-1840 (Parisiis : Typis Decourchant)$g53$w()28977 850 $aSeMil 852 $aSeMil$W1$xVenegono$y1$m2S II 53 FA$j174659$B174659$CSeMilBibl$Z2$F184733 $8I 941 1 $a10 961 $aRecupero: Mantegazza 996 $6245$aTomus 53$9(OLS)http://semarc/title/321437 LEADER 00608nab a2200145 i 4500 001 000000269735 003 CaOOAMICUS 005 20081003000000.0 008 081003n xx uu u0 0und r 013 $a15791 040 $aSeMil$bita 245 10$aMissionari in via d'estinzione? :$bInchiesta, dati e testimonianze. - 82 p. - Titolo principale dalla copertina. 500 $aOTTOBRE 2008. 773 0 $t[2008 : Giugno-Dicembre].$dMilano : PIMEdit, 2008.$w()173123 996 $6245$aMissionari in via d'estinzione? :$bInchiesta, dati e testimonianze. - 82 p. - Titolo principale dalla copertina.$9(OLS)http://semarc/title/359212